Among Us – All Tasks - Statistics

General Stats
  • This quiz has been taken 38 times
  • The average score is 28 of 60
Answer Stats
Hint Answer % Correct
Mira HQ Fix Wiring
96%
Polus Fix Wiring
96%
The Skeld Download/Upload Data
83%
Polus Download/Upload Data
83%
The Skeld Fix Wiring
83%
The Skeld Submit Scan
78%
Mira HQ Submit Scan
78%
Polus Submit Scan
78%
The Skeld Empty Garbage
74%
Mira HQ Empty Garbage
74%
Polus Empty Garbage
74%
The Skeld Swipe Card
74%
Polus Swipe Card
74%
The Skeld Start Reactor
65%
Mira HQ Start Reactor
65%
Polus Start Reactor
65%
The Skeld Clear Asteroids
61%
Polus Clear Asteroids
61%
Mira HQ Divert Power
57%
The Skeld Prime Shields
57%
Mira HQ Prime Shields
57%
The Skeld Chart Course
52%
Mira HQ Chart Course
52%
Polus Chart Course
52%
The Skeld Fuel Engines
48%
Mira HQ Fuel Engines
48%
Polus Fuel Engines
48%
The Skeld Unlock Manifolds
48%
Mira HQ Unlock Manifolds
48%
Polus Unlock Manifolds
48%
The Skeld Divert Power
43%
Polus Insert Keys
43%
The Skeld Inspect Sample
43%
Polus Inspect Sample
43%
The Skeld Align Engine Output
39%
The Skeld Calibrate Distributor
39%
The Skeld Clean O2 Filter
35%
Mira HQ Clean O2 Filter
35%
Polus Fix Weather Node
35%
The Skeld Stabilise Steering
35%
Mira HQ Clear Asteroids
30%
Mira HQ Enter ID Code
30%
Polus Replace Water Jug
30%
Polus Align Telescope
26%
Mira HQ Measure Weather
26%
Polus Scan Boarding Pass
26%
Polus Record Temperature
22%
Mira HQ Run Diagnostics
22%
Mira HQ Sort Samples
22%
Mira HQ Water Plants
22%
Mira HQ Buy Beverage
17%
Polus Fill Canisters
17%
Polus Monitor Tree
17%
Polus Open Waterways
17%
Mira HQ Assemble Artifact
13%
The Skeld Empty Chute
13%
Mira HQ Process Data
13%
Polus Reboot Wifi
13%
Polus Store Artifacts
13%
Polus Repair Drill
9%
No matching quizzes found
Score Distribution
Percent of People with Each Score
Percentile by Number Answered
Your Score History
You have not taken this quiz